Normal view
MARC view
- ABBOTT, M.M,VAN NESS, H.C,NESS, H.C.VAN
Entry Personal Name
001 - CONTROL NUMBER
- control field: 74257
003 - CONTROL NUMBER IDENTIFIER
- control field: NUST
005 - DATE AND TIME OF LATEST TRANSACTION
- control field: 20210628205153.0
008 - FIXED-LENGTH DATA ELEMENTS
- fixed length control field: 210628|| aca||aabn | a|a d
040 ## - CATALOGING SOURCE
- Original cataloging agency: NUST
- Transcribing agency: NUST
100 ## - HEADING--PERSONAL NAME
- Personal name: ABBOTT, M.M,VAN NESS, H.C,NESS, H.C.VAN
670 ## - SOURCE DATA FOUND
- Source citation: Work cat.: (NUST): ABBOTT, M.M,VAN NESS, H.C,NESS, H.C.VAN, THEORY AND PROBLEMS OF THERMODYNAMICS INCLUDING 225 SOLVED PROBLEMS, 1981
